| 000 | 00777nas a2200253 4500 | ||
|---|---|---|---|
| 001 | BR8905257 | ||
| 003 | BR-BrBNA | ||
| 005 | 20231205091743.0 | ||
| 007 | ta | ||
| 008 | 230509b bl.|||p| |||| 00| 00por d | ||
| 040 |
_aBR-BrBNA _bpor _cBiblioteca Nacional de Agricultura |
||
| 041 | _a(Pt) | ||
| 072 | _aL02; L20 | ||
| 100 | 1 | _aPaulino, V.T. | |
| 100 | 1 | _aAnton, D.P. | |
| 100 | 1 | _aColozza, M.T. | |
| 245 | 1 | _aProblemas nutricionais do genero Brachiaria e algumas relacoes com o comportamento animal | |
| 650 | _aCAPIM BRACHIARIA | ||
| 650 | _aNUTRICAO ANIMAL | ||
| 650 | _aCOMPORTAMENTO ANIMAL | ||
| 773 | 0 |
_tZootecnia (Brazil) _xISSN 0044-5320 _g(Jul-Sep 1987), v. 25(3) p. 215-263 _wBR8905257 |
|
| 909 |
_a202311 _bLúcia _c55 _dLúcia Elande |
||
| 942 |
_2AGRIS _n0 _cANA |
||
| 999 |
_c127121 _d127121 |
||